| 000 | 00846nam a2200181 a 4500 | ||
|---|---|---|---|
| 008 | 100511s2008 ||||||||||||||||| || u | ||
| 050 | _aCIFOR(08)OP/50 | ||
| 100 | _aLarson, Anne M | ||
| 245 | 1 | 0 |
_aTenure rights and beyond: community access to forest resources in Latin America _cBy Anne M. Larson, Peter Cronkleton, Deborah Barry and Pablo Pacheco |
| 260 |
_aBogor Barat (Indonesia) _bCentre for International Forestry Research (CIFOR) _c2008 |
||
| 300 | _aviii, 91p. ;ill | ||
| 350 | _a0.00 | ||
| 490 | _aCIFOR occasional papers | ||
| 500 | _aOccasional paper No. 50 | ||
| 650 | _aLAND TENURE--LATIN AMERICA | ||
| 710 | _aCentre for International Forestry Research (CIFOR) | ||
| 995 |
_D0.00 _FCBU-MAIN LIBRARY (Kitwe) _H1 _I0.00 _M1 _UAVAILABLE _WJun 28, 2010 _ZInternational Publications |
||
| 999 |
_c59640 _d59640 |
||